| 000 | 01081pam a2200301 a 4500 | ||
|---|---|---|---|
| 001 | 4015126 | ||
| 003 | ARRUPE | ||
| 005 | 20140606171847.0 | ||
| 008 | 970331s1997 enk b 001 0 eng | ||
| 010 | _a 97008620 | ||
| 020 | _a0631201408 (hardback : alk. paper) | ||
| 020 | _a0631201416 (pbk. : alk. paper) | ||
| 040 |
_aDLC _cDLC _dDLC |
||
| 050 | 0 | 0 |
_aBD573 _b.P67 1997 |
| 082 | 0 | 0 |
_a210 _221 |
| 245 | 0 | 4 |
_aThe postmodern God : _ba theological reader / _cedited by Graham Ward. |
| 260 |
_aOxford ; _aMalden, Mass. : _bBlackwell Publishers, _c1997. |
||
| 300 |
_axlvii, 368 p. ; _c24 cm. |
||
| 440 | 0 |
_aBlackwell readings in modern theology _910737 |
|
| 504 | _aIncludes bibliographical references and index. | ||
| 650 | 0 |
_aReligion _xPhilosophy. _910738 |
|
| 650 | 0 |
_aPostmodernism _xReligious aspects. _910739 |
|
| 650 | 0 |
_aGod. _910740 |
|
| 700 | 1 |
_aWard, Graham, _d1955- _910741 |
|
| 906 |
_a7 _bcbc _corignew _d1 _eocip _f19 _gy-gencatlg |
||
| 942 |
_2lcc _cMONOGRAPH |
||
| 999 |
_c120669 _d120669 |
||